[Event "Entre Rios Galmarello Cup 3rd"]
[Site "Entre Rios"]
[Date "2022.11.06"]
[Round "6"]
[White "Jimenez, Jose Mauricio"]
[Black "De Battista, Federico"]
[Result "1-0"]
[WhiteElo "2153"]
[BlackElo "1840"]
[PlyCount "75"]
[EventDate "2022.11.04"]
[EventType "swiss"]
[EventRounds "6"]
[EventCountry "ARG"]
[SourceTitle "EXT 2024"]
[Source "ChessBase"]
[SourceDate "2023.10.10"]
[SourceVersion "1"]
[SourceVersionDate "2023.10.10"]
[SourceQuality "1"]

1. c4 f5 2. g3 Nf6 3. Bg2 e6 4. d3 d5 5. Nd2 c6 6. Qc2 Bb4 7. a3 Bxd2+ 8. Bxd2 0-0 9. Nf3 Nbd7 10. Rc1 a5 11. 0-0 Qe8 12. b4 axb4 13. axb4 Qh5 14. cxd5 exd5 15. b5 c5 16. Bf4 b6 17. Ra1 Bb7 18. d4 Ne4 19. Ne5 Nxe5 20. Bxe5 c4 21. f3 Ng5 22. Rxa8 Bxa8 23. h4 Ne6 24. f4 Bb7 25. Bf3 Qg6 26. Kf2 Qe8 27. Qa4 Qa8 28. Qb4 Re8 29. Kg1 Qa5 30. Qd6 Qxb5 31. g4 Qc6 32. Qxc6 Bxc6 33. gxf5 g6 34. fxe6 b5 35. f5 b4 36. h5 Kf8 37. hxg6 hxg6 38. Bd6+ 1-0

[Event "Entre Rios Galmarello Cup 3rd"]
[Site "Entre Rios"]
[Date "2022.11.05"]
[Round "3"]
[White "Alvarez, Leandro"]
[Black "De Battista, Federico"]
[Result "1-0"]
[WhiteElo "2108"]
[BlackElo "1840"]
[PlyCount "49"]
[EventDate "2022.11.04"]
[EventType "swiss"]
[EventRounds "6"]
[EventCountry "ARG"]
[SourceTitle "EXT 2024"]
[Source "ChessBase"]
[SourceDate "2023.10.10"]
[SourceVersion "1"]
[SourceVersionDate "2023.10.10"]
[SourceQuality "1"]

1. e4 c5 2. d4 cxd4 3. c3 Nf6 4. e5 Nd5 5. Qxd4 e6 6. Nf3 Nc6 7. Qe4 d6 8. exd6 Bxd6 9. Nbd2 0-0 10. Nc4 Bc7 11. Bg5 Qe8 12. 0-0-0 a6 13. g4 b5 14. Ne3 Nb6 15. Bd3 g6 16. Bh6 f5 17. gxf5 exf5 18. Qh4 Rf7 19. Rhe1 Ne5 20. Nxe5 Bxe5 21. f4 Bf6 22. Nd5 Qc6 23. Re8+ Qxe8 24. Nxf6+ Rxf6 25. Qxf6 1-0

[Event "ARG-ch sf Amateur sf 20"]
[Site "Villaguay"]
[Date "2019.12.07"]
[Round "4.11"]
[White "De Battista, Federico"]
[Black "Toledano, German"]
[Result "1-0"]
[WhiteElo "1862"]
[BlackElo "1667"]
[PlyCount "53"]
[EventDate "2019.12.06"]
[EventType "swiss"]
[EventRounds "6"]
[EventCountry "ARG"]
[SourceTitle "EXT 2024"]
[Source "ChessBase"]
[SourceDate "2023.10.10"]
[SourceVersion "1"]
[SourceVersionDate "2023.10.10"]
[SourceQuality "1"]

1. e4 e5 2. Nf3 Nc6 3. Bc4 Be7 4. d4 d6 5. dxe5 dxe5 6. Nbd2 Nf6 7. c3 0-0 8. b4 a6 9. a4 Bg4 10. Qb3 h6 11. 0-0 Bxf3 12. Nxf3 Nxe4 13. Bd5 Nxc3 14. Bxc6 Ne2+ 15. Kh1 bxc6 16. Nxe5 Qd5 17. Qe3 Bf6 18. Bb2 Bxe5 19. Bxe5 Rfe8 20. Rad1 Qe6 21. f4 f6 22. Qxe2 fxe5 23. f5 Qb3 24. f6 Re6 25. Rd7 Rf8 26. Rxg7+ Kh8 27. Qe4 1-0

[Event "ARG-ch sf 94th"]
[Site "Buenos Aires"]
[Date "2019.04.02"]
[Round "4"]
[White "Fiorito, Francisco"]
[Black "De Battista, Federico"]
[Result "0-1"]
[WhiteElo "1588"]
[BlackElo "1894"]
[PlyCount "72"]
[EventDate "2019.03.30"]
[EventType "swiss"]
[EventRounds "9"]
[EventCountry "ARG"]
[SourceTitle "CBM 189 Extra"]
[Source "ChessBase"]
[SourceDate "2019.06.03"]
[SourceVersion "1"]
[SourceVersionDate "2019.06.03"]
[SourceQuality "1"]

1. e4 d6 2. d4 Nf6 3. Nc3 g6 4. Be3 Bg7 5. f3 c6 6. Qd2 Qc7 7. g4 h5 8. g5 Nfd7 9. 0-0-0 b5 10. Kb1 a5 11. f4 Nb6 12. Bd3 Na6 13. f5 Nb4 14. fxg6 fxg6 15. d5 Nxd3 16. Qxd3 b4 17. Bxb6 Qxb6 18. Na4 Qc7 19. dxc6 Qxc6 20. Qd5 Qxd5 21. exd5 Bf5 22. h3 Rc8 23. Rh2 0-0 24. b3 Be4 25. Re2 Bxd5 26. Nb6 e6 27. Nxd5 exd5 28. Re6 Rf2 29. Re2 Rf5 30. Re6 Be5 31. Rxg6+ Kf7 32. Rh6 Rf2 33. Rc1 d4 34. a3 d3 35. h4 Rfxc2 36. Rf1+ Kg7 0-1

[Event "ARG-ch sf 94th"]
[Site "Buenos Aires"]
[Date "2019.03.31"]
[Round "2"]
[White "Beherens, Leonardo"]
[Black "De Battista, Federico"]
[Result "1-0"]
[WhiteElo "2134"]
[BlackElo "1894"]
[PlyCount "57"]
[EventDate "2019.03.30"]
[EventType "swiss"]
[EventRounds "9"]
[EventCountry "ARG"]
[SourceTitle "CBM 189 Extra"]
[Source "ChessBase"]
[SourceDate "2019.06.03"]
[SourceVersion "1"]
[SourceVersionDate "2019.06.03"]
[SourceQuality "1"]

1. d4 d6 2. c4 Nf6 3. Nc3 g6 4. e4 Bg7 5. Nf3 0-0 6. h3 e5 7. d5 Na6 8. Bg5 Qe8 9. g4 Nd7 10. Rg1 Ndc5 11. a3 f6 12. Be3 Kh8 13. b4 Nd7 14. Be2 f5 15. gxf5 gxf5 16. exf5 Rxf5 17. Ne4 Nf6 18. Qc2 Nxe4 19. Qxe4 Rf8 20. Nh4 Qf7 21. Bd3 Bf6 22. 0-0-0 Rg8 23. Nf3 Bd7 24. Ng5 Bxg5 25. Rxg5 c6 26. Qh4 Rg7 27. Rdg1 Qf6 28. Bxh7 Rxh7 29. Qxh7+ 1-0

[Event "ARG-ch sf Cup"]
[Site "Villaguay/Entre Rios"]
[Date "2018.12.14"]
[Round "2.1"]
[White "De Battista, Federico"]
[Black "Pierrot, Juan Facundo"]
[Result "0-1"]
[WhiteElo "1892"]
[BlackElo "2379"]
[PlyCount "88"]
[EventDate "2018.12.14"]
[EventType "swiss"]
[EventRounds "6"]
[EventCountry "ARG"]
[SourceTitle "EXT 2024"]
[Source "ChessBase"]
[SourceDate "2023.10.10"]
[SourceVersion "1"]
[SourceVersionDate "2023.10.10"]
[SourceQuality "1"]

1. e4 d5 2. exd5 Nf6 3. d4 Bg4 4. f3 Bf5 5. Bd3 Bxd3 6. Qxd3 Qxd5 7. Nc3 Qd7 8. Bf4 e6 9. Nge2 Nc6 10. 0-0 Be7 11. a3 a6 12. Ne4 0-0-0 13. Rfd1 e5 14. dxe5 Qe6 15. Qb3 Qxb3 16. cxb3 Nxe4 17. fxe4 Bc5+ 18. Kf1 Rhe8 19. Rac1 Rxd1+ 20. Rxd1 Nxe5 21. Rd5 Bd6 22. h3 Kd7 23. Nc3 c6 24. Rd2 Ke6 25. Ne2 g6 26. Nd4+ Kd7 27. Nf3 Kc7 28. Rxd6 Kxd6 29. Nxe5 Rxe5 30. Ke2 g5 31. Bxe5+ Kxe5 32. Ke3 a5 33. g3 h5 34. b4 a4 35. Kd3 b6 36. Ke3 c5 37. bxc5 bxc5 38. Kd3 g4 39. hxg4 hxg4 40. Kc4 Kxe4 41. b4 axb3 42. Kxb3 f5 43. a4 f4 44. a5 Kd5 0-1

[Event "Entre Rios Region-ch"]
[Site "Chajari"]
[Date "2018.10.27"]
[Round "4.5"]
[White "De Battista, Federico"]
[Black "Viera, Cristian"]
[Result "1-0"]
[WhiteElo "1875"]
[BlackElo "1638"]
[PlyCount "58"]
[EventDate "2018.10.26"]
[EventType "swiss"]
[EventRounds "6"]
[EventCountry "ARG"]
[SourceTitle "EXT 2024"]
[Source "ChessBase"]
[SourceDate "2023.10.10"]
[SourceVersion "1"]
[SourceVersionDate "2023.10.10"]
[SourceQuality "1"]

1. e4 e6 2. d4 d5 3. exd5 exd5 4. c4 Nc6 5. Nc3 Nf6 6. Nf3 Be7 7. cxd5 Nxd5 8. Bc4 Be6 9. Bb3 0-0 10. 0-0 Bf6 11. Ne4 Be7 12. Bc2 Bg4 13. Be3 Re8 14. h3 Bh5 15. a3 f5 16. Ng3 f4 17. Nxh5 fxe3 18. Qd3 g6 19. fxe3 Nf6 20. Nf4 Bf8 21. Ng5 Qe7 22. Rae1 Bh6 23. Qb3+ Kh8 24. Nf7+ Kg7 25. Nxh6 Kxh6 26. e4 Rad8 27. Ne6 g5 28. Qe3 Rg8 29. Nxd8 Qxd8 1-0

[Event "ARG-ch sf 93rd"]
[Site "Buenos Aires"]
[Date "2018.05.24"]
[Round "6"]
[White "De Battista, Federico"]
[Black "Miravent, Pablo"]
[Result "1/2-1/2"]
[WhiteElo "1805"]
[BlackElo "2027"]
[PlyCount "139"]
[EventDate "2018.05.19"]
[EventType "swiss"]
[EventRounds "9"]
[EventCountry "ARG"]
[SourceTitle "CBM 184 Extra"]
[Source "ChessBase"]
[SourceDate "2018.06.28"]
[SourceVersion "1"]
[SourceVersionDate "2018.06.28"]
[SourceQuality "1"]

1. e4 c5 2. Nf3 d6 3. d4 cxd4 4. Nxd4 Nf6 5. Nc3 a6 6. f4 e6 7. Be3 Be7 8. Qf3 Qc7 9. g4 Nc6 10. g5 Nd7 11. 0-0-0 Nc5 12. Nb3 Nxb3+ 13. axb3 Bd7 14. f5 Ne5 15. Qf4 0-0-0 16. Bh3 b5 17. f6 gxf6 18. gxf6 Bf8 19. Qf2 Kb7 20. Rhg1 Rc8 21. Rg3 h5 22. Qd2 Ka8 23. Na2 Bc6 24. Bf4 Qb7 25. Re1 Bd7 26. Nb4 Ng6 27. Rxg6 fxg6 28. e5 d5 29. Nxd5 Bc5 30. Nc3 Bb4 31. Rd1 Rhd8 32. Bg2 Bc6 33. Bxc6 Qxc6 34. Qxd8 Rxd8 35. Rxd8+ Kb7 36. f7 Qf3 37. f8Q Bxf8 38. Rxf8 g5 39. Rf7+ Kc6 40. Rf6 gxf4 41. Rxe6+ Kd7 42. Rd6+ Ke8 43. Nd5 Qh1+ 44. Kd2 Qxh2+ 45. Kd3 f3 46. Nf6+ Kf7 47. Ne4 Qxe5 48. Rxa6 Qxb2 49. Ng5+ Kg7 50. Nxf3 Qc1 51. Nd4 Qf1+ 52. Ke3 h4 53. Nf3 h3 54. Ra7+ Kh6 55. Ra6+ Kh5 56. Ra8 Qc1+ 57. Kd3 Qd1+ 58. Ke3 Qxc2 59. Rh8+ Kg6 60. Rxh3 Qxb3+ 61. Kf2 Qc2+ 62. Ke3 b4 63. Rh2 Qc3+ 64. Ke4 b3 65. Ne5+ Kf6 66. Rf2+ Ke6 67. Nd3 Kd6 68. Ke3 Kc6 69. Ke4 Kb5 70. Rf5+ 1/2-1/2

[Event "ARG-ch sf 93rd"]
[Site "Buenos Aires"]
[Date "2018.05.22"]
[Round "4"]
[White "De Battista, Federico"]
[Black "Elman, Cristian"]
[Result "1-0"]
[WhiteElo "1805"]
[BlackElo "2042"]
[PlyCount "141"]
[EventDate "2018.05.19"]
[EventType "swiss"]
[EventRounds "9"]
[EventCountry "ARG"]
[SourceTitle "CBM 184 Extra"]
[Source "ChessBase"]
[SourceDate "2018.06.28"]
[SourceVersion "1"]
[SourceVersionDate "2018.06.28"]
[SourceQuality "1"]

1. e4 c5 2. Nf3 Nc6 3. c4 g6 4. d4 cxd4 5. Nxd4 Bg7 6. Be3 Nf6 7. Nc3 Ng4 8. Nxc6 Nxe3 9. Nxd8 Bxc3+ 10. bxc3 Nxd1 11. Nxf7 Kxf7 12. Rxd1 d6 13. h4 Be6 14. Rd3 Rac8 15. h5 g5 16. Rf3+ Ke8 17. Kd2 h6 18. Bd3 Rc5 19. Rb1 b6 20. Rb5 Bg4 21. Re3 Rf8 22. f3 Bxh5 23. Rxc5 dxc5 24. e5 e6 25. g4 Bf7 26. Be4 Ke7 27. Re1 Rh8 28. a4 a5 29. Rb1 Rb8 30. Ke3 Kf8 31. Rh1 Kg7 32. Rd1 Be8 33. Rd6 Kf7 34. Bc6 Bxc6 35. Rxc6 Rb7 36. Rc8 Kg7 37. Rd8 Kf7 38. Ke4 Kg7 39. Rd6 Kf7 40. f4 gxf4 41. Kxf4 Ke7 42. Kg3 Rb8 43. Kh4 Rf8 44. Rxb6 Rf4 45. Rb7+ Kf8 46. Kh5 Rxc4 47. Kg6 Rf4 48. Rc7 Rxa4 49. Kf6 Rf4+ 50. Kxe6 Rxg4 51. Kf5 Rc4 52. Kf6 Ke8 53. e6 Rf4+ 54. Ke5 Rf3 55. Rxc5 a4 56. c4 a3 57. Rc8+ Ke7 58. Rc7+ Kd8 59. Rd7+ Ke8 60. Ra7 h5 61. c5 Re3+ 62. Kf6 Rf3+ 63. Ke5 h4 64. c6 Rc3 65. c7 a2 66. Rxa2 Rxc7 67. Kf6 Rc8 68. Ra4 Kf8 69. Rxh4 Kg8 70. Rg4+ Kh8 71. Kf7 1-0

[Event "Villaguay Entre Rios Cup"]
[Site "Villaguay"]
[Date "2017.12.16"]
[Round "4"]
[White "De Battista, Federico"]
[Black "Mizzau, Pablo"]
[Result "0-1"]
[WhiteElo "1817"]
[BlackElo "1944"]
[PlyCount "67"]
[EventDate "2017.12.15"]
[EventType "swiss"]
[EventRounds "6"]
[EventCountry "ARG"]
[SourceTitle "CBM 182 Extra"]
[Source "ChessBase"]
[SourceDate "2018.02.23"]
[SourceVersion "1"]
[SourceVersionDate "2018.02.23"]
[SourceQuality "1"]

1. e4 e5 2. Nf3 Nc6 3. Bc4 Bc5 4. b4 Bxb4 5. c3 Ba5 6. d4 exd4 7. 0-0 d6 8. Qb3 Qf6 9. cxd4 Bb6 10. e5 dxe5 11. dxe5 Qg6 12. Nc3 Na5 13. Qa4+ Bd7 14. Bb5 Bxb5 15. Nxb5 0-0-0 16. Nxa7+ Bxa7 17. Qxa5 Qa6 18. Qb4 Kb8 19. Bf4 Qb6 20. Qe4 Ne7 21. Rfc1 Nd5 22. Bg3 h6 23. Rab1 Qg6 24. Qc4 Qe6 25. Qb5 Qc8 26. e6 fxe6 27. Ne5 Rd6 28. Nc6+ Rxc6 29. Qxc6 h5 30. Be5 Rf8 31. Rb2 Rxf2 32. Rxb7+ Qxb7 33. Qe8+ Qc8 34. Rb1+ 0-1

[Event "Federacion op 1st"]
[Site "Federacion"]
[Date "2017.11.11"]
[Round "4"]
[White "De Battista, Federico"]
[Black "Zalisnak, Jacobo"]
[Result "0-1"]
[WhiteElo "1812"]
[BlackElo "2065"]
[PlyCount "64"]
[EventDate "2017.11.10"]
[EventType "swiss"]
[EventRounds "6"]
[EventCountry "ARG"]
[SourceTitle "EXT 2019"]
[Source "ChessBase"]
[SourceDate "2018.10.10"]
[SourceVersion "1"]
[SourceVersionDate "2018.10.10"]
[SourceQuality "1"]

1. e4 a6 2. d4 b5 3. f4 Bb7 4. Nd2 Nf6 5. Bd3 e6 6. Ngf3 c5 7. c3 Qb6 8. e5 Nd5 9. dxc5 Bxc5 10. Ne4 0-0 11. Nfg5 g6 12. Qg4 f5 13. Qh3 h5 14. Ng3 Bf2+ 15. Kd1 Ne3+ 16. Bxe3 Qxe3 17. Kc2 Qxf4 18. Nxh5 Qxg5 19. Nf6+ Rxf6 20. exf6 Qh4 21. Qxh4 Bxh4 22. a4 bxa4 23. Rxa4 Bxf6 24. Rb4 Bd5 25. Ra1 Nc6 26. Rba4 a5 27. b4 Nxb4+ 28. cxb4 Bxa1 29. Rxa1 axb4 30. Rxa8+ Bxa8 31. Kb3 Bxg2 32. Kxb4 d6 0-1

[Event "Federacion op 1st"]
[Site "Federacion"]
[Date "2017.11.10"]
[Round "2"]
[White "De Battista, Federico"]
[Black "Perez, Daniel1111"]
[Result "0-1"]
[WhiteElo "1812"]
[BlackElo "2066"]
[PlyCount "98"]
[EventDate "2017.11.10"]
[EventType "swiss"]
[EventRounds "6"]
[EventCountry "ARG"]
[SourceTitle "EXT 2019"]
[Source "ChessBase"]
[SourceDate "2018.10.10"]
[SourceVersion "1"]
[SourceVersionDate "2018.10.10"]
[SourceQuality "1"]

1. e4 g6 2. d4 Bg7 3. f4 d6 4. Nf3 Nd7 5. Bc4 e6 6. 0-0 Ne7 7. Nc3 0-0 8. Be3 d5 9. exd5 Nb6 10. Bd3 exd5 11. Ne5 Bf5 12. g4 Bxd3 13. Qxd3 f6 14. Nf3 Qd7 15. h3 h5 16. Nh4 hxg4 17. Nxg6 gxh3 18. Nxe7+ Qxe7 19. Rf3 f5 20. Rxh3 c6 21. Bf2 Nc4 22. Re1 Qf6 23. Rh5 Nd6 24. Re5 Qg6+ 25. Rg5 Qh6 26. Qg3 Rf6 27. Re7 Nf7 28. Ne2 Kf8 29. Rxb7 Qh7 30. Qa3+ Kg8 31. Qe7 Qh6 32. Rg2 Rf8 33. Rb3 Rg6 34. Rh3 Rxg2+ 35. Kxg2 Qd6 36. Qh4 Re8 37. Qh7+ Kf8 38. Rg3 Rxe2 39. Qxg7+ Ke7 40. Re3+ Rxe3 41. Bxe3 Qb4 42. Bf2 Qd2 43. Qg6 Qxc2 44. Kf3 Qe4+ 45. Kg3 Nd6 46. Qg7+ Ke6 47. Qg8+ Kd7 48. Qb8 Qh1 49. Qxa7+ Ke6 0-1